Synopsis quattuor evangeliorum : locis parallelis evangeliorum apocryphorum et patrum adhibitis /

Gespeichert in:
Bibliographische Detailangaben
1. Verfasser: Aland, Kurt (edición)
Format: Buch
Sprache:Griechisch
Veröffentlicht: Stuttgart, Alemania : Württembergische Bibelanstalt, 1968, c1967
Tags: Tag hinzufügen
Keine Tags, Fügen Sie das erste Tag hinzu!

MARC

LEADER 00000nam^a2200000^a^4500
001 000575947
005 20250521000000.0
009 20260310132419.421
037 |a Acervo ITESO - Biblioteca 
041 |a GRI 
091 |a FGM. 05668 
100 |a Aland, Kurt  |e (edición) 
245 1 0 |a Synopsis quattuor evangeliorum :  |b locis parallelis evangeliorum apocryphorum et patrum adhibitis / 
264 4 |a Stuttgart, Alemania :  |b Württembergische Bibelanstalt,  |c 1968, c1967 
300 |a XXXII, 590 p. 
336 |a texto  |b txt  |2 rdacontenido 
337 |a sin mediación  |b n  |2 rdamedio 
338 |a volumen  |b nc  |2 rdasoporte 
649 |a XX 
910 |a Fondo Efraín González Morfín 
920 |a Impresos - Libros 
930 |a Fondos Especiales 
905 |a 130 
901 |a 0500384456  |b IT2  |c ESP  |i D94681  |u 20250521 
902 |a https://opac.biblio.iteso.mx/vufind/Record/000575947